عجائب المخلوقات وغرائب الموجودات / (Record no. 14553)
[ view plain ]
| 000 -الفاتح | |
|---|---|
| حقل البيانات ثابتة الطول | 00616nam a22001457a 4500 |
| 008 - عناصر البيانات ثابتة الطول - معلومات عامة | |
| حقل البيانات ثابتة الطول | 100726s1966 xxu||||| |||| 00| 0 ara d |
| 082 ## - رقم تصنيف ديوى العشرى | |
| رقم الطبعة | 22 |
| رقم التصنيف | 039.927 |
| رقم المادة | ق ز و |
| 100 1# - المدخل الرئيسى - إسم شخصى | |
| 9 (RLIN) | 16816 |
| الإسم الشخصى | القزوينى ، زكريا بن محمد بن محمود |
| 245 ## - بيان العنوان | |
| العنوان | عجائب المخلوقات وغرائب الموجودات / |
| بيان المسئوليه,etc | زكريا بن محمد بن محمود القزوينى |
| 250 ## - بيان الطبعة | |
| بيان الطبعة | ط4. |
| 260 ## - PUBLICATION, DISTRIBUTION, ETC. (IMPRINT) | |
| مكان الناشر او الموزع | القاهرة : |
| اسم الناشر او الموزع | شركة مكتبة ومطبعة مصطفى البابى الحلبى ، |
| تاريخ النشر أو التوزيع | 1966. |
| 300 ## - الوصف المادى | |
| التعداد | 282 ص ؛ |
| أبعاد الوعاء | 24 سم. |
| 541 ## - تبصرة المصدر المباشر للتزويد | |
| مصدر التزويد | ألف باء ؛ |
| طريقة التزويد | شراء ؛ |
| 942 ## - عناصر المدخل الإضافي( كوها) | |
| مصدر التصنيف او مخطط الترفيف | Dewey Decimal Classification |
| Koha [default] item type | Book - Borrowing |
| حالة التراجع | حالة الفقد | مصدر التصنيف او خطة الترفيف | حالة تلف | ليس للاعارة | مجموعات كوها | المكان الدائم | المكان الحالي | موقع الترفيف | تاريخ الاكتساب | Source of acquisition | رقم الاستدعاء | الباركود | Date last seen | نوع الوعاء |
|---|---|---|---|---|---|---|---|---|---|---|---|---|---|---|
| Dewey Decimal Classification | Alef-Baa | Central Library | Central Library | Lower Floor | 26/07/2010 | 039.927 ق ز و | 000021607 | 15/07/2025 | Book - Borrowing |